Loading...
| Literature - European | 0 | 6 | 0 | 1 | 60 | 105 | 129.17 | 0 | 0 | 5.76 | 23.00 |
| Science - Biology | 0 | 6 | 1 | 0 | 55 | 39 | 88.17 | 1 | 2 | 16.81 | 36.00 |
| History - American | 0 | 5 | 0 | 2 | 50 | 89 | 110.00 | 0 | 1 | 4.92 | 16.25 |
| Science - Chemistry | 0 | 5 | 0 | 0 | 50 | 68 | 107.40 | 0 | 1 | 6.55 | 25.75 |
| Philosophy | 0 | 5 | 1 | 1 | 45 | 82 | 106.80 | 0 | 1 | 6.15 | 22.00 |
| Science - Other | 0 | 5 | 2 | 0 | 40 | 46 | 78.20 | 1 | 4 | 17.16 | 34.00 |
| Literature - American | 0 | 4 | 0 | 0 | 40 | 61 | 101.25 | 0 | 0 | 11.34 | 21.00 |
| Science - Physics | 0 | 5 | 3 | 2 | 35 | 70 | 104.60 | 0 | 0 | 5.82 | 13.00 |
| Fine Arts - Other | 0 | 4 | 1 | 1 | 35 | 36 | 110.50 | 1 | 2 | 7.46 | 23.00 |
| Social Science | 0 | 3 | 0 | 2 | 30 | 114 | 119.00 | 0 | 0 | 0.61 | 8.00 |
| Religion | 0 | 3 | 1 | 1 | 25 | 98 | 109.67 | 0 | 2 | 4.16 | 18.00 |
| Literature - World/Other | 0 | 3 | 2 | 0 | 20 | 121 | 134.00 | 0 | 1 | 1.61 | 16.50 |
| Mythology | 0 | 2 | 0 | 0 | 20 | 50 | 68.50 | 0 | 1 | 10.39 | 16.00 |
| Other Academic | 0 | 2 | 0 | 0 | 20 | 94 | 99.00 | 0 | 1 | 13.48 | 35.83 |
| Fine Arts - Classical Music | 0 | 2 | 1 | 0 | 15 | 118 | 119.50 | 0 | 0 | 1.15 | 7.00 |
| History - European | 0 | 2 | 1 | 0 | 15 | 75 | 96.50 | 0 | 1 | 4.83 | 11.00 |
| Literature - British | 0 | 2 | 1 | 0 | 15 | 89 | 107.50 | 0 | 1 | 3.51 | 11.75 |
| History - Other | 0 | 2 | 2 | 1 | 10 | 65 | 87.00 | 0 | 1 | 5.05 | 11.00 |
| Geography/Current Events | 0 | 1 | 1 | 0 | 5 | 100 | 100.00 | 0 | 0 | 2.78 | 5.00 |
| Fine Arts - Visual | 0 | 1 | 1 | 0 | 5 | 151 | 151.00 | 0 | 0 | 0.07 | 2.00 |
| History - World | 0 | 1 | 2 | 1 | 0 | 121 | 121.00 | 0 | 0 | 0.00 | 2.00 |
| Pop Culture | 0 | 0 | 0 | 0 | 0 | 0.00 | 0 | 0 | 0.00 | 0.00 |